000 00978cam a22001934a 4500
005 20250605163926.0
008 250528s ||||||||||||||||||||||||d
035 _a14546
020 _a716716194
040 _aGR-AtMCL
_bgre
_dGR-AtMCL
_eAACR2
245 1 _aHuman Abilities / An Information-Processing Approach
260 _bW. H. Freeman And Company,
_c1985
300 _a260
520 _aThis book surveys the major strides made in the past decade toward understanding the full range of human abilities. Preface, Introduction, What is an Information-Processing Approach to Human Abilities?, Genetic Intellectual Ability, Verbal Ability, Reading Ability, Second-Language Ability, Individual Differences in Learning and Memory, Mathematical Ability, Mental Imagery Ability, Deductive Reasoning Ability, Inductive Reasoning Ability, Problem-Solving Ability, Author and Subject Index.
700 1 _aStenberg Robert J
_9254
942 _cBK
999 _c171
_d171